The architecture of corruption in Kenya / (Record no. 778)

MARC details
000 -LEADER
fixed length control field 00825cam a2200289 a 4500
001 - CONTROL NUMBER
control field 15163956
003 - CONTROL NUMBER IDENTIFIER
control field OSt
005 - DATE AND TIME OF LATEST TRANSACTION
control field 20230607091038.0
008 - FIXED-LENGTH DATA ELEMENTS--GENERAL INFORMATION
fixed length control field 080201s2007 ke a 010 0 eng
010 ## - LIBRARY OF CONGRESS CONTROL NUMBER
LC control number 2008346160
020 ## - INTERNATIONAL STANDARD BOOK NUMBER
International Standard Book Number 9789966701923
020 ## - INTERNATIONAL STANDARD BOOK NUMBER
International Standard Book Number 9966701923
040 ## - CATALOGING SOURCE
Original cataloging agency DLC
Transcribing agency DLC
042 ## - AUTHENTICATION CODE
Authentication code lcode
043 ## - GEOGRAPHIC AREA CODE
Geographic area code f-ke---
050 00 - LIBRARY OF CONGRESS CALL NUMBER
Classification number JQ2947.A56
Item number C647 2007
082 ## - DEWEY DECIMAL CLASSIFICATION NUMBER
Classification number 364.1323
Item number KID
100 1# - MAIN ENTRY--PERSONAL NAME
Personal name Kidombo, Pius K.
Fuller form of name (Pius Kipketer)
245 14 - TITLE STATEMENT
Title The architecture of corruption in Kenya /
Statement of responsibility, etc. Pius K. Kidombo.
260 ## - PUBLICATION, DISTRIBUTION, ETC. (IMPRINT)
Place of publication, distribution, etc. Nairobi :
Name of publisher, distributor, etc. Sino Printers and Publishers,
Date of publication, distribution, etc. 2007.
300 ## - PHYSICAL DESCRIPTION
Extent 258 p. :
Other physical details ill. ;
Dimensions 21 cm.
500 ## - GENERAL NOTE
General note "May 2007."
650 #0 - SUBJECT ADDED ENTRY--TOPICAL TERM
Topical term or geographic name as entry element Corruption
Geographic subdivision Kenya.
906 ## - LOCAL DATA ELEMENT F, LDF (RLIN)
a 7
b cbc
c origode
d 3
e ncip
f 20
g y-gencatlg
942 ## - ADDED ENTRY ELEMENTS (KOHA)
Source of classification or shelving scheme Dewey Decimal Classification
Koha item type Books

No items available.

LIBRARY OPENING HOURS

When the Parliament is sitting: 8.00a.m - 7.00p.m or until the house adjourns
Mondays and Fridays and when the House is on Recess:  8.00a.m - 5.00p.m
Closed on Weekends and Public Holidays

Online Public Access Catalog (OPAC)
Website: http://www.parliament.go.ke
Bunge Library: https://libraryir.parliament.go.ke
Contact: library@parliament.go.ke | Tel no: (254-2)2221291 or 2848000 Ext 5043